| 000 -LEADER |
| fixed length control field |
00843nam a2200217Ia 4500 |
| 001 - CONTROL NUMBER |
| control field |
12496 |
| 003 - CONTROL NUMBER IDENTIFIER |
| control field |
GE_BSU |
| 008 - FIXED-LENGTH DATA ELEMENTS--GENERAL INFORMATION |
| fixed length control field |
181216s||||||||xx |||||||||||||| ||und|| |
| 040 ## - CATALOGING SOURCE |
| Transcribing agency |
GE_BSU |
| 080 ## - UNIVERSAL DECIMAL CLASSIFICATION NUMBER |
| Universal Decimal Classification number |
582(083)+581.9 |
| 100 ## - MAIN ENTRY--PERSONAL NAME |
| Personal name |
Дмитриева,А.А. |
| 245 ## - TITLE STATEMENT |
| Title |
Определитель растении Аджарии=აჭარის მცენარეთა სარკკვევი |
| 245 ## - TITLE STATEMENT |
| Statement of responsibility, etc. |
Под.ред.А.К.Макашвили |
| 260 ## - PUBLICATION, DISTRIBUTION, ETC. |
| Place of publication, distribution, etc. |
Тбилиси |
| 260 ## - PUBLICATION, DISTRIBUTION, ETC. |
| Name of publisher, distributor, etc. |
Изд-во АН Грузинской ССР |
| 260 ## - PUBLICATION, DISTRIBUTION, ETC. |
| Date of publication, distribution, etc. |
1959 |
| 300 ## - PHYSICAL DESCRIPTION |
| Extent |
446стр.26см. |
| 300 ## - PHYSICAL DESCRIPTION |
| Accompanying material |
Таблицы с.5-28. указатель русских названии с.429.Указатель латинских названии с.438 |
| 653 ## - INDEX TERM--UNCONTROLLED |
| Uncontrolled term |
Определитель растении Аджарии |
| 942 ## - ADDED ENTRY ELEMENTS (KOHA) |
| Koha item type |
წიგნი |